| 000 | 00864nam a2200229 i 4500 | ||
|---|---|---|---|
| 001 | 25893 | ||
| 003 | ES-MaACL | ||
| 005 | 20250903021057.0 | ||
| 007 | t| | ||
| 008 | 030103s1923 sp |||| | spa d | ||
| 100 | 1 |
_aArnáiz, Marcelino. _923019 |
|
| 245 | 1 | 3 |
_aEl espíritu matemático de la filosofía moderna / _cdiscurso leído el día 9 de diciembre por Marcelino Arnáiz ... y contestación por Juan Zaragüeta. |
| 260 |
_aEl Escorial : _b[s.n., _c1923] ( _fImp. Agustiniana) |
||
| 300 |
_a205 p. ; _c23 cm. |
||
| 500 | _aPrecede a tít.: Real Academia de Ciencias Morales y Políticas. | ||
| 650 | 0 | 4 |
_aMatemáticas- _yS.XIX _914832 |
| 650 | 4 |
_aFilosofía- _yS.XIX. _9163575 |
|
| 700 | 1 |
_aZaragüeta, Juan. _9118040 |
|
| 710 | 2 |
_aReal Academia de Ciencias Morales y Políticas (España) _9222050 |
|
| 852 |
_aES-MaACL _jG-4973 |
||
| 999 |
_c25893 _d25893 |
||